Child Rights and Protection/ (Record no. 212768)

MARC details
000 -LEADER
fixed length control field 00614nam a22001937a 4500
005 - DATE AND TIME OF LATEST TRANSACTION
control field 20250731124033.0
010 ## - LCCN (DPL NO)
LC control number ENG-146250
020 ## - INTERNATIONAL STANDARD BOOK NUMBER
Terms of availability 280.00
International Standard Book Number 9789392151910
035 ## - SYSTEM CONTROL NUMBER
System control number EN-129782
037 ## - SOURCE OF ACQUISITION
Source of stock number/acquisition DBAD
082 ## - DEWEY DECIMAL CLASSIFICATION NUMBER
Classification number 344.540327
Edition number 1
245 ## - TITLE STATEMENT
Title Child Rights and Protection/
Statement of responsibility, etc Edited By U. Pandian; V. Vijayakumar [and] M. Senthilkumaran
250 ## - EDITION STATEMENT
Edition statement 1
260 ## - PUBLICATION, DISTRIBUTION, ETC. (IMPRINT)
Place of publication, distribution, etc Tamil Nadu
Name of publisher, distributor, etc First Book Publishing
Date of publication, distribution, etc 2025
270 ## - ADDRESS
City Tamil Nadu
Address 61, 66 T. P. K. Main Road, Vasantha Nagar, Madurai,
Postal code 625003
300 ## - PHYSICAL DESCRIPTION
Extent 102p.
Dimensions 22cm(pb)
760 ## - MAIN SERIES ENTRY
Edition First
942 ## - ADDED ENTRY ELEMENTS (KOHA)
Source of classification or shelving scheme Dewey Decimal Classification
Item type English Books
Classification part 344.540327
Call number suffix CHI
Holdings
Withdrawn status Lost status Not for loan Collection code Home library Current library Date acquired Source of acquisition Cost, normal purchase price Full call number Barcode Copy number Cost, replacement price Koha item type
    Not For Loan Non-fiction Bawana Bawana 31/07/2025 Delivery of Books Act Division 280.00 344.540327 CHI EN-129782 1 280.00 English Books

© Delhi Public Library
Hit Counter
free hit counter